الآلات / (رقم التسجيلة. 102127)

تفاصيل مارك
000 -LEADER
fixed length control field 00821nam a22002537a 4500
005 - DATE AND TIME OF LATEST TRANSACTION
control field 20251108173348.0
008 - FIXED-LENGTH DATA ELEMENTS--GENERAL INFORMATION
fixed length control field 250721s2000 xx 000 0 ara d
020 ## - INTERNATIONAL STANDARD BOOK NUMBER
International Standard Book Number 2844095429
082 14 - DEWEY DECIMAL CLASSIFICATION NUMBER
Classification number ط/681.7/غيف
100 1# - MAIN ENTRY--PERSONAL NAME
Personal name غيفورد، كلايف
245 10 - TITLE STATEMENT
Title الآلات /
246 11 - VARYING FORM OF TITLE
Title proper/short title How the future began : Machines
264 1# - PRODUCTION, PUBLICATION, DISTRIBUTION, MANUFACTURE, AND COPYRIGHT NOTICE
Place of production, publication, distribution, manufacture بيروت :
Name of producer, publisher, distributor, manufacturer الدار العربية للعلوم،
Date of production, publication, distribution, manufacture, or copyright notice 2000.
300 ## - PHYSICAL DESCRIPTION
Extent 61ص. : مص
490 0# - SERIES STATEMENT
Series statement كيف بدأ المستقبل
650 17 - SUBJECT ADDED ENTRY--TOPICAL TERM
Topical term or geographic name as entry element المكنات
650 17 - SUBJECT ADDED ENTRY--TOPICAL TERM
Topical term or geographic name as entry element الإنسان الآلي الصناعي
650 17 - SUBJECT ADDED ENTRY--TOPICAL TERM
Topical term or geographic name as entry element الأسلحة
650 17 - SUBJECT ADDED ENTRY--TOPICAL TERM
Topical term or geographic name as entry element الطاقة
653 ## - INDEX TERM--UNCONTROLLED
Uncontrolled term (سنة 14-10) ناشئون صغار
710 2# - ADDED ENTRY--CORPORATE NAME
Corporate name or jurisdiction name as entry element الدار العربية للعلوم . مركز التعريب و الترجمة
942 ## - ADDED ENTRY ELEMENTS (KOHA)
Source of classification or shelving scheme Dewey Decimal Classification
Koha item type كتب
المقتنيات
حالة السحب حالة الفقدان مصدر التصنيف حالة التلف غير قابل للإعارة المكتبة الرئيسية المكتبة الحالية موقع الرف تاريخ التزويد الرقم المتسلسل Total Checkouts رقم الإستدعاء الباركود تاريخ آخر ظهور تاريخ الفاتورة نوع المادة (كوها)
    Dewey Decimal Classification     مكتبة قتيبة للأطفال مكتبة قتيبة للأطفال الأطفال 20/01/2018 1667308   ط/681.7/غيف PLD00416708 28/07/2025 20/01/2018 كتب
    Dewey Decimal Classification     مكتبة قتيبة للأطفال مكتبة قتيبة للأطفال الأطفال 11/02/2018 1667311   ط/681.7/غيف PLD00417386 28/07/2025 11/02/2018 كتب
    Dewey Decimal Classification     مكتبة أم المؤمنين للأطفال مكتبة أم المؤمنين للأطفال الأطفال 28/07/2025 430297   ط/681.7/غيف 430297 28/07/2025 28/07/2025 كتب
    Dewey Decimal Classification     مكتبة الأميرة سلمى مكتبة الأميرة سلمى الأطفال 28/07/2025 565933   ط/681.7/غيف 565933 28/07/2025 28/07/2025 كتب
    Dewey Decimal Classification     مكتبة الأميرة سلمى مكتبة الأميرة سلمى الأطفال 28/07/2025 568102   ط/681.7/غيف 568102 28/07/2025 28/07/2025 كتب
    Dewey Decimal Classification     مكتبة الياسمين للأطفال مكتبة الياسمين للأطفال الأطفال 19/03/2014 556845   ط/681.7/غيف PLD00295470 28/07/2025 19/03/2014 كتب
    Dewey Decimal Classification     مكتبة الياسمين للأطفال مكتبة الياسمين للأطفال الأطفال 07/06/2018 1654090   ط/681.7/غيف PLD00422067 28/07/2025 07/06/2018 كتب
Implemented & Customized by: BBB with SCIT (Smart Chains for Information Technology)

Powered by Koha